Češi mají s komunikací problém
Interná komunikácia vo firmách - častokrát zabúdaný manažérsky nástroj. Výskum internej komunikácie v českých firmách. Komunikácia ako stresový faktor. Dosahovanie lepších finančných výsledkov a vyššej organizačnej stability vo firmách s efektívnou internou komunikáciou. Neisté postavenie internej k...
Uložené v:
| Hlavný autor: | |
|---|---|
| Ďalší autori: | |
| Médium: | Kapitola |
| Jazyk: | Czech |
| Predmet: | |
| Tagy: |
Žiadne tagy, Buďte prvý, kto otaguje tento záznam!
|
MARC
| LEADER | 00000naa a2200000 4500 | ||
|---|---|---|---|
| 001 | 0136501 | ||
| 005 | 20231019095715.7 | ||
| 041 | 0 | |a cze | |
| 044 | |a CZ | ||
| 245 | 1 | 0 | |a Češi mají s komunikací problém |c Jana Holá, Tomáš Poucha |
| 520 | |a Interná komunikácia vo firmách - častokrát zabúdaný manažérsky nástroj. Výskum internej komunikácie v českých firmách. Komunikácia ako stresový faktor. Dosahovanie lepších finančných výsledkov a vyššej organizačnej stability vo firmách s efektívnou internou komunikáciou. Neisté postavenie internej komunikácie vo firmách. Využívanie technológií v internej komunikácii. Prečo komunikovať. | ||
| 610 | 2 | 0 | |a komunikácia interná |
| 610 | 2 | 0 | |a komunikácia firemná |
| 610 | 2 | 0 | |a manažéri |
| 610 | 2 | 0 | |a zamestnanci |
| 610 | 2 | 0 | |a firmy |
| 610 | 2 | 0 | |a efektívnosť |
| 610 | 2 | 0 | |a výkonnosť |
| 610 | 2 | 0 | |a výskum |
| 610 | 2 | 0 | |a Česko |
| 100 | 1 | |a Holá, Jana | |
| 700 | 1 | |a Poucha, Tomáš | |